Juan Bosch : (Registro nro. 14031)

Detalles MARC
000 -LEADER
fixed length control field 01707nam a2200313 a 4500
001 - CONTROL NUMBER
control field 000015358
003 - CONTROL NUMBER IDENTIFIER
control field OSt
005 - DATE AND TIME OF LATEST TRANSACTION
control field 20220210113628.0
008 - FIXED-LENGTH DATA ELEMENTS--GENERAL INFORMATION
fixed length control field 100205s2007 dr ac 001 0 spa d
020 ## - INTERNATIONAL STANDARD BOOK NUMBER
International Standard Book Number 9789993458456
040 ## - CATALOGING SOURCE
Original cataloging agency DO-SdBNP
Language of cataloging spa
Transcribing agency BPMSU
082 ## - DEWEY DECIMAL CLASSIFICATION NUMBER
Classification number 972.93054
Item number G377J 2007
Edition number 22
100 1# - MAIN ENTRY--PERSONAL NAME
Personal name Gerón, Candido,
Dates associated with a name 1950-
245 10 - TITLE STATEMENT
Title Juan Bosch :
Remainder of title documentos inéditos de la Revolución de Abril de 1965 /
Statement of responsibility, etc. Cándido Gerón.
260 ## - PUBLICATION, DISTRIBUTION, ETC. (IMPRINT)
Place of publication, distribution, etc. Santo Domingo :
Name of publisher, distributor, etc. Centenario,
Date of publication, distribution, etc. 2007.
300 ## - PHYSICAL DESCRIPTION
Extent 360 p. :
Other physical details il., retrs. ;
Dimensions 27 cm.
500 ## - GENERAL NOTE
General note Incluye índice onomástico.
500 ## - GENERAL NOTE
General note Incluye referencias biobliográficas y notas al pie de las páginas.
505 0# - FORMATTED CONTENTS NOTE
Title A manera de introito -- --
-- Trujillo: un tumor maligno --
-- Preludio y ocaso --
-- Caminos intermedios --
-- Las raíces del golpe de Estado militar --
-- Una profecía sin profetas -- .
-- Coronel Rafael Tomás Fernández Domínguez: símbolo de la altivez --
-- Las tareas pendientes de la democracia --
-- Bosch, entre el ideal político y la memoria histórica --
-- Las circunstancias --
-- Documentos inéditos --
-- Entrevista al Dr. Donald Reid Cabral, ex presidente del Triunvirato --
-- Entrevista al general Manuel Ramón Montes Arache.
590 ## - LOCAL NOTE (RLIN)
Local note Inventariado, 2022/VM
600 10 - SUBJECT ADDED ENTRY--PERSONAL NAME
Personal name Bosch, Juan,
Dates associated with a name 1909-2001
9 (RLIN) 1
651 #4 - SUBJECT ADDED ENTRY--GEOGRAPHIC NAME
Geographic name República Dominicana
General subdivision Historia
Chronological subdivision Era de Trujillo, 1930-1961
651 #4 - SUBJECT ADDED ENTRY--GEOGRAPHIC NAME
Geographic name República Dominicana
General subdivision Política y gobierno
Chronological subdivision 1963-
651 #4 - SUBJECT ADDED ENTRY--GEOGRAPHIC NAME
Geographic name República Dominicana
General subdivision Historia
Chronological subdivision Revolución del 1965
651 #4 - SUBJECT ADDED ENTRY--GEOGRAPHIC NAME
Geographic name República Dominicana
General subdivision Historia
Chronological subdivision Golpe de Estado, 1963
651 #4 - SUBJECT ADDED ENTRY--GEOGRAPHIC NAME
Geographic name República Dominicana
General subdivision Historia
Chronological subdivision Ocupación norteamericana, 1965-1966
910 ## - USER-OPTION DATA (OCLC)
User-option data VMateo VM
942 ## - ADDED ENTRY ELEMENTS (KOHA)
Source of classification or shelving scheme Dewey Decimal Classification
Koha item type Libros
Existencias
Withdrawn status Lost status Source of classification or shelving scheme Damaged status Not for loan Collection code Home library Current library Date acquired Source of acquisition Total Checkouts Full call number Barcode Date last seen Price effective from Koha item type Copy number
    Dewey Decimal Classification     Colección Dominicana Biblioteca Pública Metropolitana Salomé Ureña Biblioteca Pública Metropolitana Salomé Ureña 02/10/2022 AGN   BPMSU CD 972.93054 G377J 2007 BPMSU22020045 02/10/2022 02/10/2022 Libros  
    Dewey Decimal Classification     Colección Dominicana Biblioteca Pública Metropolitana Salomé Ureña Biblioteca Pública Metropolitana Salomé Ureña 02/10/2022 AGN   BPMSU CD 972.93054 G377J 2007 BPMSU25070061 07/28/2025 02/10/2022 Libros e.2